000 00730cab a2200205 4500
001 ABS37903
008 090401t1987 xxu||||| |||| 00| 0 eng d
035 _a(Sirsi) u7513
041 _aeng
100 _aMorledge, R.
245 4 _aThe effective choice of building procurement method
260 _c1987
350 _a0
490 _aChartered Quantity Surveyor
_v9(11) July 1987, 26(1)
520 _aIllustrates the importance of choosing the best procurement method at the start of a building project, highlighting the needs of the client and the role of the QS as client`s adviser.
650 _aCONSTRUCTION MANAGEMENT
_96230
690 _aBUILT ENVIRONMENT-BUILDING CONTRACT FORMS
942 _n0
948 _c04/03/1997
999 _c4549
_d4549